[Event "GER-chT Lands U20"]
[Site "Wiesbaden"]
[Date "2022.10.01"]
[Round "1.6"]
[White "Altmeyer, Hannah"]
[Black "Richter, Johanna"]
[Result "0-1"]
[WhiteElo "728"]
[BlackElo "1355"]
[PlyCount "46"]
[EventDate "2022.09.30"]
[EventType "team-swiss"]
[EventRounds "7"]
[EventCountry "GER"]
[SourceTitle "CBM 210 Extra"]
[Source "ChessBase"]
[SourceDate "2022.11.30"]
[SourceVersion "1"]
[SourceVersionDate "2022.11.30"]
[SourceQuality "1"]
[WhiteTeam "Saarland U20"]
[BlackTeam "Rheinland Pfalz U20"]
[WhiteTeamCountry "GER"]
[BlackTeamCountry "GER"]

1. e4 c5 2. d3 Nc6 3. Bd2 Nf6 4. Nc3 e6 5. Nf3 Qc7 6. Be2 Be7 7. Be3 Ng4 8. Qd2 Nxe3 9. Qxe3 0-0 10. Ng5 Nd4 11. 0-0-0 b5 12. Nf3 Nxf3 13. Qxf3 b4 14. Nb5 Qc6 15. d4 c4 16. Nxa7 Rxa7 17. d5 Qc5 18. Rhf1 c3 19. a3 cxb2+ 20. Kxb2 Bf6+ 21. c3 Bxc3+ 22. Kc2 Be1+ 23. Kd3 Qc3# 0-1

[Event "GER-ch U12 Girls"]
[Site "Willingen"]
[Date "2022.06.10"]
[Round "8"]
[White "Roessling, Laura Marie"]
[Black "Altmeyer, Hannah"]
[Result "1-0"]
[WhiteElo "1063"]
[BlackElo "754"]
[PlyCount "121"]
[EventDate "2022.06.04"]
[EventType "swiss"]
[EventRounds "9"]
[EventCountry "GER"]
[SourceTitle "CBM 208 Extra"]
[Source "ChessBase"]
[SourceDate "2022.07.31"]
[SourceVersion "1"]
[SourceVersionDate "2022.07.31"]
[SourceQuality "1"]

1. e4 e5 2. Nf3 Qe7 3. Bc4 Nf6 4. Nc3 Nc6 5. d3 h6 6. Be3 d6 7. Nd5 Nxd5 8. exd5 Na5 9. Qd2 Nxc4 10. dxc4 Bg4 11. 0-0-0 0-0-0 12. h3 Bh5 13. g4 Bg6 14. Qa5 b6 15. Qxa7 Be4 16. Qa8+ Kd7 17. Qc6+ Kc8 18. Nd2 Bxh1 19. Rxh1 Re8 20. Bxb6 Kd8 21. Qa8+ Kd7 22. Qb7 Rc8 23. Nb3 Qd8 24. Na5 Rb8 25. Qc6+ Kc8 26. Ba7 Ra8 27. Qxa8+ Kd7 28. Qc6+ Kc8 29. Qa6+ Kd7 30. Nc6 Qe8 31. Qb7 Qc8 32. Nb8+ Kd8 33. Qxc8+ Kxc8 34. Nc6 Kb7 35. Be3 g5 36. Kd2 Bg7 37. h4 gxh4 38. Rxh4 Ra8 39. a3 Ra4 40. Bxh6 Bxh6+ 41. Rxh6 Rxc4 42. Na5+ Kb6 43. Nxc4+ Kc5 44. Ne3 Kd4 45. Rh7 f6 46. Rxc7 e4 47. a4 Ke5 48. a5 Kf4 49. a6 Ke5 50. a7 Kf4 51. a8Q Ke5 52. Nc4+ Kf4 53. Qc8 Kf3 54. Qf5+ Kg2 55. Qxe4+ Kxf2 56. Qe2+ Kg3 57. Qe1+ Kxg4 58. Rg7+ Kf4 59. Qf2+ Ke4 60. Nb6 Ke5 61. Re7# 1-0

[Event "GER-ch U12 Girls"]
[Site "Willingen"]
[Date "2022.06.08"]
[Round "5"]
[White "Abram, Kristina Maria"]
[Black "Altmeyer, Hannah"]
[Result "1-0"]
[WhiteElo "1044"]
[BlackElo "754"]
[PlyCount "43"]
[EventDate "2022.06.04"]
[EventType "swiss"]
[EventRounds "9"]
[EventCountry "GER"]
[SourceTitle "CBM 208 Extra"]
[Source "ChessBase"]
[SourceDate "2022.07.31"]
[SourceVersion "1"]
[SourceVersionDate "2022.07.31"]
[SourceQuality "1"]

1. e4 e5 2. d4 Nc6 3. dxe5 Nxe5 4. Nf3 Nc6 5. Nc3 Bb4 6. Bd2 Nf6 7. Bc4 0-0 8. Qe2 d6 9. h3 Bd7 10. 0-0-0 h6 11. g4 Bc5 12. g5 hxg5 13. Bxg5 Qe7 14. Nd5 Qd8 15. Nxf6+ gxf6 16. Bh6 Re8 17. Rhg1+ Kh7 18. Bg5 Kg6 19. Nh4+ Kg7 20. Bf4+ Kf8 21. Qh5 Re7 22. Qh8# 1-0

[Event "GER-ch U12 Girls"]
[Site "Willingen"]
[Date "2022.06.08"]
[Round "6"]
[White "Ignatova, Gabriela"]
[Black "Altmeyer, Hannah"]
[Result "1-0"]
[WhiteElo "1170"]
[BlackElo "754"]
[PlyCount "89"]
[EventDate "2022.06.04"]
[EventType "swiss"]
[EventRounds "9"]
[EventCountry "GER"]
[SourceTitle "CBM 208 Extra"]
[Source "ChessBase"]
[SourceDate "2022.07.31"]
[SourceVersion "1"]
[SourceVersionDate "2022.07.31"]
[SourceQuality "1"]

1. e4 e5 2. Nf3 Nc6 3. Bc4 Bc5 4. d4 exd4 5. Ng5 Qe7 6. Bxf7+ Kd8 7. Bd5 d6 8. Nf7+ Kd7 9. 0-0 Nf6 10. Nxh8 Nxd5 11. exd5 Ne5 12. Bf4 Qe8 13. Bxe5 dxe5 14. Qg4+ Kd6 15. Qxg7 Bf5 16. Qf6+ Kxd5 17. Qxf5 Qxh8 18. c3 Qf8 19. Qxf8 Bxf8 20. cxd4 Kxd4 21. Rd1+ Ke4 22. Nc3+ Kf5 23. h3 Bb4 24. Rd7 Ba5 25. Rad1 Rg8 26. Rxh7 Bb6 27. Kf1 Rf8 28. Ke2 Kg5 29. f3 Kf4 30. h4 c6 31. h5 Bd8 32. Rdd7 Bf6 33. Rdf7 Rxf7 34. Rxf7 Kf5 35. g4+ Kg5 36. Ne4+ Kh4 37. Nxf6 Kg5 38. Nh7+ Kh4 39. Rg7 Kg3 40. h6 Kh3 41. Ng5+ Kg3 42. h7 Kf4 43. h8Q Kg3 44. Qh3+ Kf4 45. Qh2# 1-0